000 00681cam a2200181 a 4500
020 _a0702224421 (pbk.)
040 _cDLC
082 0 0 _a959 DIS 1992 A100 Or.
100 1 _aDennis, D. J.
245 1 0 _aOne day at a time :
_ba Vietnam diary /
260 _aSt. Lucia, Qld., Australia :
_bUniversity of Queensland Press ;
_aPortland, OR :
_bDistributed in the USA and Canada by International Specialized Book Services,
_c1992.
300 _ax, 161 p. :
_bill. ;
_c20 cm.
490 0 _aUQP paperbacks
650 0 _aVietnam War, 1961-1975
650 0 _aTet Offensive, 1968
856 _uhttps://drive.google.com/file/d/1y3kmBmLrgtB9FjlECpldLpfT3AlCUF2d/view?usp=sharing
942 _cEK
999 _c12942
_d12942